Music Quiz

Random Music or Song Quiz

UK/US #1 Songs of the 80s - Lyrics Quiz Stats

 Plays Quiz not verified by Sporcle

Score 0/41 Timer 10:00
3 Plays Today
% Correct
harmony
91.7%
arms
90.9%
gun
89.4%
movie
87.1%
survivor
86.9%
heartache
85.6%
turn
85.6%
dance floor
84.6%
breakfast
84.3%
rules
84.2%
hand
82.4%
niña
81.5%
power
79.5%
claim
78.8%
dream
78.8%
trip
78.8%
success
78.3%
radio
77.7%
voice
77.6%
mind
77.1%
flower
77%
% Correct
candy hearts
74.2%
darkness
72.7%
quivering
72.6%
heart
71.9%
sarcasm
71.8%
loneliness
71%
high
70.4%
gracia
69%
call
67.8%
shadow
67.7%
space
65.8%
trance
63.5%
wave
60%
paradise
59.4%
fantasy
58.2%
ocean
57.5%
alibi
56.1%
money
53.2%
sacrifice
45.6%
valentine
36%

You're not logged in!

Compare scores with friends on all Sporcle quizzes.
OR
Log In

Show Comments

Extras

Top Quizzes Today


Score Distribution

Your Account Isn't Verified!

In order to create a playlist on Sporcle, you need to verify the email address you used during registration. Go to your Sporcle Settings to finish the process.

Report this User

Report this user for behavior that violates our Community Guidelines.

Details: